| 000 | 00716cam a22001934a 4500 | ||
|---|---|---|---|
| 005 | 20250605164018.0 | ||
| 008 | 250528s ||||||||||||||||||||||||d | ||
| 035 | _a16216 | ||
| 020 | _a136100228 | ||
| 040 |
_aGR-AtMCL _bgre _dGR-AtMCL _eAACR2 |
||
| 245 | 1 | _aThe Natural History of Man | |
| 260 |
_bPrentice Hall Inc, _c1973 |
||
| 300 | _a404 | ||
| 520 | _aThrough a Kaleidoscope, A New Course is Charted, Of Time and Variation, Of Change and Chance, Evolution as a Process, Emerging Humanity, The Uniqueness of Man, The Uniqueness of the Individual, Evolution Revisited, Through a Glass Darkly, Bibliography Notes, Index. | ||
| 700 | 1 |
_aSwanson Carl P _92297 |
|
| 942 | _cBK | ||
| 999 |
_c1745 _d1745 |
||